Geometric quantization

Αποθηκεύτηκε σε:
Λεπτομέρειες βιβλιογραφικής εγγραφής
Κύριος συγγραφέας: Woodhouse, Nicholas Michael John 1949-
Μορφή: Βιβλίο
Γλώσσα:English
Δημοσίευση: Oxford : Clarendon Press, 1997
Έκδοση:2nd ed.
Σειρά:Oxford mathematical monographs
Θέματα:
Ετικέτες: Προσθήκη ετικέτας
Δεν υπάρχουν, Καταχωρήστε ετικέτα πρώτοι!

MARC

LEADER 00000nam a2200000 i 4500
001 1/90829
008 991004s1997 eng d
020 |a 0-19-850270-2 
035 |l 10053288 
040 |a GR-MY-UA  |b gre  |e aacr 
041 0 |a eng 
082 0 |a 530.12 
100 1 |a Woodhouse, Nicholas Michael John  |d 1949- 
245 1 0 |a Geometric quantization /  |c N.M.J. Woodhouse 
250 |a 2nd ed. 
260 |a Oxford :   |b Clarendon Press,   |c 1997 
300 |a xi, 307 p.;  |b ill.;  |c 24 cm. 
490 1 |a Oxford mathematical monographs 
500 |a Includes bibliographical references and index 
650 0 0 |a Geometry, Differential. 
650 0 0 |a Mathematical physics. 
830 0 |a Oxford mathematical monographs 
852 |a INST  |b SAMOS  |e 19991004  |h 530.12 WOO  |p 005300012224  |q 005300012224  |t BK  |y 0 
901 |a BIBL3-1999-3 
909 |a Σ  |b 063471 
922 |a 3ΕΛΗ  |b 199907  |c ΕΠΕΑΕΚ/ΜΑΘ  |d ΠΑΠΑΣΩΤΗΡΙΟΥ 
970 |a ΠΟΥΡΝΑΡΑΣ  |b ΔΗΜΗΤΡΗΣ  |z 1999/10/04